Una campaña parlamentaria (Record no. 39040)

MARC details
000 -LEADER
campo de control de longitud fija 00612nam a2200169 i 4500
001 - NÚMERO DE CONTROL
campo de control 39040
003 - IDENTIFICADOR DE NÚMERO DE CONTROL
campo de control ES-MaACL
005 - FECHA Y HORA DE LA ÚLTIMA TRANSACCIÓN
campo de control 20230906155859.0
007 - CAMPO FIJO DE DESCRIPCIÓN FÍSICA--INFORMACIÓN GENERAL
campo de control de longitud fija t|
008 - DATOS DE LONGITUD FIJA--INFORMACIÓN GENERAL
campo de control de longitud fija 030227s1873 sp ||||1| spa d
245 04 - MENCIÓN DEL TÍTULO
Título Una campaña parlamentaria
Resto del título : colección de proposiciones presentadas y discursos pronunciados en las Cortes españolas de 1872-73 por la Diputación radical de Puerto Rico.
260 ## - PUBLICACIÓN, DISTRIBUCIÓN, ETC.
Lugar de publicación, distribución, etc. Madrid :
Nombre del editor, distribuidor, etc. M. G. Hernández,
Fecha de publicación, distribución, etc. 1873.
300 ## - DESCRIPCIÓN FÍSICA
Extensión 395 p. ;
Dimensiones 21 cm.
651 #4 - PUNTO DE ACCESO ADICIONAL DE MATERIA--NOMBRE GEOGRÁFICO
Nombre geográfico Puerto Rico-
Subdivisión general Historia-
Subdivisión cronológica 1511-1898, Época colonial.
9 (RLIN) 155352
852 ## - LOCALIZACIÓN
Ubicación ES-MaACL
Número de control de estantería B-3984
852 ## - LOCALIZACIÓN
Ubicación ES-MaACL
Número de control de estantería G-3700
Holdings
Estatus retirado Estado de pérdida Estado de daño No para préstamo Colección Biblioteca de origen Biblioteca actual Ubicación en estantería Fecha de adquisición Fuente de adquisición Total de préstamos Signatura topográfica completa Código de barras Visto por última vez Precio de reemplazo Tipo de ítem Koha
        Libros del s. XIX Biblioteca del Ateneo de Madrid Biblioteca del Ateneo de Madrid Depósito 2 17/01/2008     G-3700 1041112 23/02/2023 23/02/2023 Libro impreso antiguo
        Libros del s. XIX Biblioteca del Ateneo de Madrid Biblioteca del Ateneo de Madrid Sala Pardo Bazán 17/01/2008     B-3984 1041111 23/02/2023 23/02/2023 Libro impreso antiguo